00939nam a2200229 a 450000100100000000500170001000800410002704000250006808200210009310000280011424501260014226000630026830000280033150000430035965100240040265000410042665100490046770000420051604900090055895201250056799900170069200002256920200930021659.0101013s2006 xxua 000 m spa d aDO-SdBNPbspacBNPHU a972.91064bA797g1 aArzuaga, Javier,94645210aCuba, 1959 :bla galera de la muerte /cJavier Arzuaga; prólogo Andrés Candelario, edición, José Rivero García. aMiami, (Estados Unidos) :bEditorial Carta de Cuba,c2006. a143 p. :bil. ;c22 cm. aIncluye notas al pie de las páginas. 4aCubaxHistoria9493 4aLa violencia políticazCuba946453 4aCubaxPolítica Y Gobiernoy1959-1990956201 aCandelario, Andrés,epról.946454 aBNPD 001054708MOaGRbGRcCTd2010-10-13iLF1l0o972.91064 A797gp22569-10r2020-06-25w2020-06-25y4ZPréstamo en sala c22066d22066